|
|
|
|
| LEADER |
00000cam a2200000 7i4500 |
| 001 |
0000007543 |
| 002 |
000008103 |
| 005 |
20000330.0 |
| 020 |
|
|
|a 9836247408
|
| 090 |
0 |
0 |
|a F
|b REJ
|
| 100 |
0 |
|
|a Rejab F.I
|
| 245 |
1 |
0 |
|a Dialog pahlawan
|c Rejab F.I
|
| 260 |
|
|
|a Kuala Lumpur :
|b DBP ,
|c 1995
|
| 300 |
|
|
|a 202 p. ;
|c 18 cm.
|
| 650 |
0 |
0 |
|a General fiction, Malay
|
| 999 |
|
|
|a 055192
|b BUKU
|c FICTION
|e PERPUSTAKAAN KOMUNITI CAW KOTA DAMANSARA
|
| 999 |
|
|
|a 055193
|b BUKU
|c FICTION
|e PERPUSTAKAAN KOMUNITI PETALING JAYA
|
| 999 |
|
|
|a 079422
|b BUKU
|c FICTION
|e PERPUSTAKAAN KOMUNITI CAW KOTA DAMANSARA
|
| 999 |
|
|
|a 093059
|b BUKU
|c PINJAMAN
|e PERPUSTAKAAN KOMUNITI PETALING JAYA
|